Projects as vectors of change: A transition toward net-zero sociotechnical systems (Record no. 530851)
[ view plain ]
| 000 -LEADER | |
|---|---|
| fixed length control field | 01441nam a22001457a 4500 |
| 008 - FIXED-LENGTH DATA ELEMENTS--GENERAL INFORMATION | |
| fixed length control field | 250717b ||||| |||| 00| 0 eng d |
| 100 ## - MAIN ENTRY--PERSONAL NAME | |
| Personal name | Terenzi, Marco and Locatelli, Giorgio and Winch, Graham M. |
| 245 ## - TITLE STATEMENT | |
| Title | Projects as vectors of change: A transition toward net-zero sociotechnical systems |
| 260 ## - PUBLICATION, DISTRIBUTION, ETC. (IMPRINT) | |
| Place of publication, distribution, etc | Project Management Journal |
| 300 ## - PHYSICAL DESCRIPTION | |
| Extent | 52(2), Apr, 2025: p.233-249 |
| 520 ## - SUMMARY, ETC. | |
| Summary, etc | Projects are essential for the net-zero transition, yet the project studies literature largely ignores net-zero transition and net-zero projects. We argue that projects are vectors of change enabling the transition toward net-zero sociotechnical systems. Leveraging a systematic literature review, we identify four types of net-zero projects: (1) new assets; (2) upgrade assets; (3) behavioral intervention; and (4) Research, Development, and Demonstration (RDD). We present how “net-zero projects” can enable the transition of sociotechnical systems toward net-zero, reducing emission intensity or quantity. Finally, we underline the heterogeneity of net-zero projects in terms of complexity, barriers, benefits realization time span, and complementarities.- Reproduced https://journals.sagepub.com/doi/full/10.1177/87569728241270578 |
| 650 ## - SUBJECT ADDED ENTRY--TOPICAL TERM | |
| Topical term or geographic name as entry element | zero project, Sustainability transition, Decarbonization, Grand challenges, Proejects as vectors of change. |
| 9 (RLIN) | 55304 |
| 773 ## - HOST ITEM ENTRY | |
| Main entry heading | Project Management Journal |
| 942 ## - ADDED ENTRY ELEMENTS (KOHA) | |
| Item type | Articles |
| Withdrawn status | Lost status | Source of classification or shelving scheme | Damaged status | Not for loan | Permanent location | Current location | Date acquired | Serial Enumeration / chronology | Barcode | Date last seen | Koha item type |
|---|---|---|---|---|---|---|---|---|---|---|---|
| Indian Institute of Public Administration | Indian Institute of Public Administration | 2025-07-17 | 52(2), Apr, 2025: p.233-249 | AR136626 | 2025-07-17 | Articles |
